Virtuálne miesto výkonu práce

Enregistré dans:
Détails bibliographiques
Auteur principal: Rak, Pavol
Format: Livre
Langue:slovaque
Publié: Praha Wolters Kluwer ČR 2024
Édition:1. vydanie
Sujets:
Tags: Ajouter un tag
Pas de tags, Soyez le premier à ajouter un tag!

MARC

LEADER 00000nam a2200000 4500
001 0307230
005 20250310093104.2
020 |a 978-80-286-0134-8 
041 0 |a slo 
044 |a CZ 
245 1 0 |a Virtuálne miesto výkonu práce  |c Pavol Rak 
250 |a 1. vydanie 
264 1 |a Praha  |b Wolters Kluwer ČR  |c 2024 
300 |a 75 s. 
610 2 0 |a miesta pracovné 
610 2 0 |a práca z domu 
610 2 0 |a pracovníci 
610 2 0 |a bezpečnosť práce 
100 1 |a Rak, Pavol